| 000 | 00000nam##2200000za#4500 |
| 001 | 9.682275 |
| 003 | CaOODSP |
| 005 | 20250611103647 |
| 007 | ta |
| 008 | 150407|2003||||xxc||||| f|0| 0 fre|d |
| 020 | |a0-662-75044-6 |
| 040 | |aCaOODSP|bfre |
| 043 | |an-cn--- |
| 086 | 1 |aA22-355/2003F |
| 110 | 1 |aCanada. |bAgriculture et agroalimentaire Canada. |
| 245 | 10|aProgramme de couverture végétale du Canada - volet de conversion des terres : |bConvertir les terres écologiquement sensibles en y établissant une couverture végétale permanente |
| 260 | |aOttawa - Ontario : |bAgriculture et Agroalimentaire Canada |c2003. |
| 300 | |a8p. : |bill. en couleur ; |c22 cm. |
| 563 | |aCouverture souple |
| 590 | |a04-19|b2004-05-07 |
| 691 | 07|aGestion du territoire|2gcpds |
| 775 | 08|tGreencover Canada's land conversion component : |w(CaOODSP)9.649034 |
| 776 | 0#|tProgramme de couverture végétale du Canada - volet de conversion des terres : |w(CaOODSP)9.631188 |
| 776 | 0#|tProgramme de couverture végétale du Canada - volet de conversion des terres : |w(CaOODSP)9.677170 |
| 986 | |aN° d'ACC 2188F |